[Event "Victoria-ch op"]
[Site "Box Hill"]
[Date "2004.06.14"]
[Round "6"]
[White "Zivkovic, Sam"]
[Black "Mollard, Max"]
[Result "0-1"]
[WhiteElo "1416"]
[BlackElo "1591"]
[PlyCount "115"]
[EventDate "2004.06.12"]
[EventType "swiss"]
[EventRounds "7"]
[EventCountry "AUS"]
[SourceTitle "EXT 2018"]
[Source "ChessBase"]
[SourceDate "2017.10.13"]
[SourceVersion "1"]
[SourceVersionDate "2017.10.13"]
[SourceQuality "1"]

1. d4 Nf6 2. c4 g6 3. Bg5 Bg7 4. Nf3 0-0 5. e3 e6 6. Nbd2 d5 7. Rc1 c6 8. a3 Nbd7 9. h3 Re8 10. Be2 h6 11. Bf4 dxc4 12. Bxc4 Qe7 13. 0-0 c5 14. Re1 cxd4 15. exd4 Nb6 16. Ba2 Nbd5 17. Bh2 b6 18. Nc4 Rd8 19. Nce5 Bb7 20. Qa4 Qe8 21. Qd1 Rac8 22. Qd2 Rxc1 23. Qxc1 Rc8 24. Qd2 Qb5 25. Bg3 Qa4 26. Rc1 Rd8 27. Qd3 Ba6 28. Qb1 Be2 29. Bc4 Bxf3 30. Nxf3 a6 31. Be5 b5 32. Bd3 Qa5 33. Rc6 Ra8 34. Qc2 b4 35. Rc8+ Rxc8 36. Qxc8+ Kh7 37. Qxa6 Qxa6 38. Bxa6 bxa3 39. bxa3 Nc3 40. Bd6 Nfd5 41. Kf1 Bf6 42. Ne5 Kg7 43. Bd3 Bd8 44. Nc6 Bg5 45. g3 Bc1 46. h4 h5 47. Bc2 Nb5 48. Bc5 Bxa3 49. Bxa3 Nxa3 50. Bd3 Nc3 51. f4 Nab5 52. Ke1 Nd6 53. Kd2 Nce4+ 54. Ke3 Nxg3 55. Kf3 Ngf5 56. Be2 Nxh4+ 57. Ke3 Nhf5+ 58. Kf3 0-1

[Event "AUS-ch reserves"]
[Site "Melbourne"]
[Date "2002.01.05"]
[Round "8"]
[White "Zivkovic, Sam"]
[Black "Lim, Nathanael"]
[Result "1-0"]
[WhiteElo "1368"]
[BlackElo "1160"]
[PlyCount "53"]
[EventDate "2001.12.28"]
[EventType "swiss"]
[EventRounds "11"]
[EventCountry "AUS"]
[SourceTitle "EXT 2003"]
[Source "ChessBase"]
[SourceDate "2002.11.25"]
[SourceVersion "1"]
[SourceVersionDate "2002.11.25"]
[SourceQuality "1"]

1. e4 d5 2. exd5 Nf6 3. c4 e6 4. Nc3 Bb4 5. Qa4+ Qd7 6. Qxb4 exd5 7. cxd5 Nxd5 8. Nxd5 Qxd5 9. d4 Nc6 10. Qc5 Qe4+ 11. Be3 a6 12. Ne2 Be6 13. Nc3 Qg6 14. d5 Bxd5 15. Nxd5 0-0-0 16. Rd1 Rhe8 17. Nf4 Rxd1+ 18. Kxd1 Qb1+ 19. Qc1 Qxa2 20. Bd3 Rd8 21. Ke2 Re8 22. Re1 Nd4+ 23. Kf1 Nb3 24. Qc3 f6 25. Bf5+ Kb8 26. Ba7+ Kxa7 27. Rxe8 1-0

[Event "AUS-ch reserves"]
[Site "Melbourne"]
[Date "2001.12.31"]
[Round "4"]
[White "Smith, Wendy"]
[Black "Zivkovic, Sam"]
[Result "1-0"]
[WhiteElo "1108"]
[BlackElo "1368"]
[PlyCount "56"]
[EventDate "2001.12.28"]
[EventType "swiss"]
[EventRounds "11"]
[EventCountry "AUS"]
[SourceTitle "EXT 2003"]
[Source "ChessBase"]
[SourceDate "2002.11.25"]
[SourceVersion "1"]
[SourceVersionDate "2002.11.25"]
[SourceQuality "1"]

1. e4 c5 2. c3 e5 3. d4 cxd4 4. cxd4 exd4 5. Qxd4 Nc6 6. Qd1 a6 7. Nf3 b5 8. Nc3 Nf6 9. Bg5 Bb4 10. Bd3 Bb7 11. 0-0 h6 12. Bh4 g5 13. Bg3 Nh5 14. Ne5 Nf6 15. Nd5 Ba5 16. Qf3 Nd4 17. Nxf6+ Ke7 18. Qh5 Qf8 19. Nexd7 Qg7 20. Be5 Nc6 21. Nd5+ Kxd7 22. Bxg7 Ke6 23. Bxh8 Rxh8 24. Qg4+ Kd6 25. Qf5 Ne5 26. Qf6+ Kc5 27. Qxe5 Bxd5 28. Qxd5+ Kb6 1-0